00591 a2200181 450000100060000002000180000604000220002410000320004624000250007824500230010330000080012636200090013465000240014394200070016795201090017495201090028399900170039268406 a9786556132587 cAnchieta - Pituba aSantos, Mariana Marques dos10aHistória 9º anol10aHistória 9º ano a2560 a2023 4aHistória do mundo cBK 00104070a91.1b91.1d2023-11-21l0o909 G934h GUE HISp24030/PITr2023-11-21 18:36:27w2023-11-21yBK 00104070a91.1b91.1d2023-11-21l0o909 G934h GUE HISp24031/PITr2023-11-21 18:36:27w2023-11-21yBK c68406d68406